00965nam a22002417a 450000500170000001000130001702000220003003500130005203700160006504000120008108200160009310000330010924502010014226000450034330000280038849000280041650000210044465000460046565000450051194200250055699900190058195201230060020170124110202.0 aA-592387 c00.00a0070379998 aA-592387 bCen Lib/Ret aDPLbEN a001.64bNEW aNewcomer, Lawrence R.936336 aSchaum's outline of theory and problems of programming with advanced structured COBOL with file processing, structured systems development, and interactive considerations /cby Lawrence R.Newcomer aNew YorkbMcGraw-Hill Book Companyc1987 a350p. :c24cm(Hb)bill. aSchaum's Outline Series aIncludes index  aFile processing (Computer science)936337 aCOBOL (Computer program language)920428 2ddccENh001.64mNEW c132967d132967 00104070aLbLd2015-07-24eCen Lib/Retg0.00l0o001.64 NEWpA-592387r2015-07-24 00:00:00t1v0.00w2015-07-24yEN